Потенциал энергосбережения региона; Энергетика: экология, надежность, безопасность

Chi tiết về thư mục
Parent link:Энергетика: экология, надежность, безопасность.— 2010.— [С. 167-170]
Tác giả chính: Литвак В. В. Валерий Владимирович
Tác giả khác: Климова Г. Н. Галина Николаевна
Tóm tắt:Заглавие с экрана.
Электронная версия печатной публикации
Ngôn ngữ:Tiếng Nga
Được phát hành: 2010
Những chủ đề:
Truy cập trực tuyến:http://www.lib.tpu.ru/fulltext/v/Conferences/2010/K02/3058.pdf
Định dạng: Điện tử Chương của sách
KOHA link:https://koha.lib.tpu.ru/cgi-bin/koha/opac-detail.pl?biblionumber=205177

MARC

LEADER 00000naa2a2200000 4500
001 205177
005 20260203112508.0
035 |a (RuTPU)RU\TPU\book\223631 
035 |a RU\TPU\book\223535 
090 |a 205177 
100 |a 20111207d2010 k y0rusy50 ca 
101 0 |a rus 
102 |a RU 
135 |a drnn ---uucaa 
181 0 |a i  
182 0 |a b 
200 1 |a Потенциал энергосбережения региона  |f В. В. Литвак, Г. Н. Климова 
203 |a Текст  |c электронный 
215 |a 1 файл (233 Кб) 
300 |a Заглавие с экрана. 
300 |a Электронная версия печатной публикации 
337 |a Adobe Reader 
463 1 |0 (RuTPU)RU\TPU\book\205138  |t Энергетика: экология, надежность, безопасность  |o материалы докладов XVI Всероссийской научно-технической конференции, 8-10 декабря 2010 г., Томск  |f Национальный исследовательский Томский политехнический университет (ТПУ) и [др.]  |v [С. 167-170]  |d 2010 
610 1 |a регионы 
610 1 |a энергосбережение 
610 1 |a электронный ресурс 
610 1 |a труды учёных ТПУ 
700 1 |a Литвак  |b В. В.  |c специалист в области теплоэнергетики  |c профессор Томского политехнического университета, доктор технических наук  |f 1940-  |g Валерий Владимирович  |3 (RuTPU)RU\TPU\pers\25676  |9 11587 
701 1 |a Климова  |b Г. Н.  |c специалист в области энергетики  |c доцент Томского политехнического университета, кандидат технических наук  |f 1976-  |g Галина Николаевна  |3 (RuTPU)RU\TPU\pers\26727  |9 12385 
801 1 |a RU  |b 63413507  |c 20111130 
801 2 |a RU  |b 63413507  |c 20140228  |g RCR 
856 4 |u http://www.lib.tpu.ru/fulltext/v/Conferences/2010/K02/3058.pdf 
942 |c CF